V Kosove nie sú ani dobrí, ani zlí fotograf a reportér Andrej Bán:

Bibliographic Details
Main Authors: Kadlecová, Jana (Author, Interviewer), Bán, Andrej, 1964- (Author)
Format: Article
Language:Slovak
PhysicalDescription:Fotogr.
ISSN:1335-440X
Subjects:

MARC

LEADER 00000nab a2200000 ar4500
001 vtls009288067
003 SK-MaSNL
005 20260303052213.0
008 080422c20080216xo dr|p|||||||000 b|slo
015 |a SNBRB2008/04  |2 snkbucl 
040 |a SNKBUCL  |b slo  |c SNKBUCL  |e AACR2 
041 0 |a slo 
044 |a xo  |c SK 
080 |a 07-051  |2 2001 
080 |a 77.03-051  |2 2001 
080 |a 929 Bán, Andrej  |2 2001 
100 1 |a Kadlecová, Jana  |4 ivr  |4 aut  |9 520879 
245 1 0 |a V Kosove nie sú ani dobrí, ani zlí  |b fotograf a reportér Andrej Bán:  |c Jana Kadlecová, Andrej Bán 
300 |b Fotogr. 
500 |a Od 15.1.2007 návrat k pôvodnému vročeniu 
600 1 7 |a Bán, Andrej,  |d 1964-  |2 sbnkbucl  |9 85722 
655 7 |a rozhovory  |2 snkbucl  |9 31831 
700 1 |a Bán, Andrej,  |d 1964-  |4 ive  |4 aut  |9 85722 
773 0 |t Sme  |g Roč. 16, č. 40 (16.2.2008)  |x 1335-440X 
773 0 8 |i Príl.:  |t Víkend  |g S. 34-35 
852 |a SNK  |b KIS3GCP 
958 |a SK 
958 |a BX 
999 |c 1714321  |d 1716251